000
00321nam a2200121 a 4500
005
20140414131903.0
008
100922s19uu xx 00 eng d
050
_a
FIC
_b
K68 1998
100
_a
Kline, Suzy
245
_a
Horrible Harry and the drop of doom.
260
_a
New York :
_b
Scholastic ,
_c
1998.
999
_c
110776
_d
110776